Reader rabbit : (Record no. 112566)
[ view plain ]
| 000 -LEADER | |
|---|---|
| fixed length control field | 00265nam a2200109 a 4500 |
| 001 - CONTROL NUMBER | |
| control field | 4140 |
| 005 - DATE AND TIME OF LATEST TRANSACTION | |
| control field | 20140414131940.0 |
| 008 - FIXED-LENGTH DATA ELEMENTS--GENERAL INFORMATION | |
| fixed length control field | 090218s19uu xx 00 eng d |
| 050 ## - LIBRARY OF CONGRESS CALL NUMBER | |
| Classification number | TR 372.6 |
| Item number | R22 2006 |
| 245 ## - TITLE STATEMENT | |
| Title | Reader rabbit : |
| Remainder of title | writing mechanics. |
| Withdrawn status | Lost status | Damaged status | Home library | Current library | Shelving location | Date acquired | Total Checkouts | Full call number | Barcode | Date last seen | Price effective from | Koha item type |
|---|---|---|---|---|---|---|---|---|---|---|---|---|
| Munich Library | Munich Library | Teachers Reference Section | 03/17/2009 | TR 372.6 R22 2006 | M3906 | 04/14/2014 | 04/14/2014 | Books |